00365nam a2200145Ia 4500003000400000008004100004040001600045082001600061100001600077245004600093260004500139300000800184650001500192650001200207GCL140319s9999 xx 000 0 eng d aGCL / cGCL04a736.98bR B1 aRICH, CHRIS10aTHE BOOK OF PAPER CUTTING / cRICH, CHRIS a[S.N] : bSTERLING \ LARK BOOK ، c1994 a12804aPAPER WORK04aFOLDING